LEADER 01309nam a2200277 u 4500 001 000000084473 003 CaOOAMICUS 005 20070226124101.0 008 050622s1973 gw u000 u ger u 020 $a3782002865 035 $a11052266 040 $aPUL$bita 100 1 $aWagner, Harald.$0(OLS)http://pul/name/37721 245 10$aAn den Ursprüngen des frühkatholischen Problems :$bDie Orstbestimmung des Katholizismus im älteren Luthertum /$cHarald Wagner. 260 $aFrankfurt am main :$bJ. Knecht,$cc1973. 300 $axiii, 339 p. ;$c23 cm 490 1 $aFrankfurter theologische Studien ;$v14 504 $aBibliografia: p. [323]-339. 650 4$aChiesa$xStoria$yChiesa primitiva, ca. 30-600.$0(OLS)http://pul/subject/93 830 0$aFrankfurter theologische Studien ;$v14.$0(OLS)http://pul/title/15458 850 $aPUL 852 $aPUL$W1$xSL Religione 1$y3$m52(1) G 14$j107421$nBK-PRI$b $qStampati$B107421$CPULBib$Z2$F107421 $HPUL98407 $81 941 1 $a8 996 $6020$a3782002865$9(OLS)http://pul/number/111861 996 $6245$aAn den Ursprüngen des frühkatholischen Problems :$bDie Orstbestimmung des Katholizismus im älteren Luthertum$9(OLS)http://pul/title/109870 996 $6260$aFrankfurt am main :$bJ. Knecht$9(OLS)http://pul/publisher/76789 LEADER 01477nam a2200349 a 4500 001 000000170782 003 CaOOAMICUS 005 20181128111653.0 008 181128s2018 it u000 u ita r 020 $a978-88-13-36650-6* 032 $aLibriCat 040 $aPUL$bita 082 04$a343.07 245 00$aDiritto ed economia del mercato /$ca cura di Giuliano Lemme. 250 $a2. ed. 260 $aPadova :$bCEDAM,$c©2018$aMilanofiori Assago :$bWolters Kluwer 300 $aVIII, 244 p. :$bgrafici, formulari ;$c24 cm. 490 1 $aCEDAM Scienze economiche e aziendali 504 $aBibliografia nelle note. 650 4$aEconomia e diritto.$0(OLS)http://pul/subject/22639 700 1 $aLemme, Giuliano.$0(OLS)http://pul/name/109833 830 0$aScienze economiche e aziendali (CEDAM).$0(OLS)http://pul/title/198040 850 $aPUL 852 $aPUL$W1$xSL Diritto e Scienze Sociali 3$y79$m343. 07 LEMGI 1$j193914$qDDC 21$B199282$CPULBib$Z2$F199282 $H131736 $81 941 1 $a9 983 0$aCEDAM Scienze economiche e aziendali . 996 $6020$a978-88-13-36650-6*$9(OLS)http://pul/number/165406 996 $6082$a343.07$9(OLS)http://pul/classification/468 996 $6245$aDiritto ed economia del mercato$9(OLS)http://pul/title/211610 996 $6260$aPadova :$bCEDAM$9(OLS)http://pul/publisher/48126 996 $6260$aMilanofiori Assago :$bWolters Kluwer$9(OLS)http://pul/publisher/81463